| 000 | 00000nam 2200000za 4500 |
| 001 | 9.854381 |
| 003 | CaOODSP |
| 005 | 20230117103826 |
| 007 | cr ||||||||||| |
| 008 | 180327s2018 onck ob f000 0 fre d |
| 020 | |a9780660260051 |
| 040 | |aCaOODSP|bfre |
| 043 | |an-cn--- |
| 086 | 1 |aCC172-163/2018F-PDF |
| 245 | 00|aImportation et exportation |h[ressource électronique]. |
| 246 | 1 |iEn tête du titre : |aGaranties et non-prolifération nucléaire |
| 250 | |aÉdition 2.0. |
| 260 | |aOttawa : |bCommission canadienne de sûreté nucléaire, |c2018. |
| 300 | |a42 p. : |bformulaires. |
| 490 | 1 |aDocument d’application de la réglementation ; |vREGDOC-2.13.2 |
| 500 | |aPubl. aussi en anglais sous le titre : Import and export. |
| 500 | |aTitre de la couv. |
| 500 | |a« Avril 2018. » |
| 504 | |aComprend des références bibliographiques. |
| 520 | |a« Ce document fait partie de la série de documents d’application de la réglementation de la CCSN intitulée Garanties et non-prolifération nucléaire qui porte également sur les contrôles réglementaires de l’importation et de l’exportation de matériel réglementé. Le document d’application de la réglementation REGDOC-2.13.2, Importation et exportation, établit les orientations de la CCSN à l’intention des titulaires de permis actuels et éventuels qui souhaitent importer ou exporter des articles à caractère nucléaire ou des articles à double usage dans le secteur nucléaire, aussi appelés substances nucléaires, équipement et renseignements réglementés. La partie II du document d’application de la réglementation REGDOC-2.13.2, Importation et exportation, établit les orientations de la CCSN à l’intention des titulaires de permis actuels et éventuels qui souhaitent importer ou exporter des sources radioactives à risque élevé » -- Préface. |
| 692 | 07|2gccst|aMatière radioactive |
| 692 | 07|2gccst|aTechnologie nucléaire |
| 692 | 07|2gccst|aExportation |
| 692 | 07|2gccst|aImportation |
| 692 | 07|2gccst|aRéglementation en matière de sécurité |
| 710 | 2 |aCommission canadienne de sûreté nucléaire. |
| 775 | 08|tImport and export |w(CaOODSP)9.854380 |
| 795 | |tImportation et exportation |w(CaOODSP)9.822905 |
| 830 | #0|aDocument d'application de la réglementation (Commission canadienne de sûreté nucléaire)|vREGDOC-2.13.2.|w(CaOODSP)9.501696 |
| 856 | 40|qPDF|s1.93 Mo|uhttps://publications.gc.ca/collections/collection_2018/ccsn-cnsc/CC172-163-2018-fra.pdf |